000 00588nam a22001937a 4500
005 20250930123815.0
010 _aENG-146906
020 _a9789369587537
_c499.00
035 _aEN-130438
037 _bDBAD
082 _21
_a000
245 _aEPFO APFO Enforcement Officer & Account Officer
250 _a1
260 _aUttar Pradesh
_bS. Chand Publishing
_c2025
270 _aD-92, Sector-2, Noida
_bUttar Pradesh
_e201301
_k61-120-4682700
300 _a431p.
_c24cm(pb)
500 _aRevised With New Syllabus 2025 (In English)
942 _2ddc
_cEN
_h000
_mEPF
999 _c213535
_d213535